Responses for show #370 - Friday, February 7, 1986

Paul Rouffa game 4.

Contestants

[<< previous game]

Melody Keller, a freelance typographer originally from Santa Monica, California

Jean Reynolds, a registered nurse originally from Long Beach, California

Paul Rouffa, an actor from Forest Park, Illinois (whose 3-day cash winnings total $24,800)

[next game >>]

Jeopardy! Round responses

FOOD
WAR STORIES
"TIME"LY SONGS
5-LETTER WORDS
GEOGRAPHY
HARDWARE STORE
    $100 2
T-bone

Paul
    $100 12
(Paul: What is the Civil War?)

the Revolutionary War

PaulJean
    $100 18
"As Time Goes By"

Paul
    $100 7
a major

Melody
    $100 13
Winnipeg

Melody
    $100 1
a monkey wrench

Jean
    $200 3
pita

Jean
    $200 25
All Quiet On The Western Front

Paul
    $200 19
"Does Anybody Know What Time It Is?"

Paul
    $200 8
Harpo

Paul
    $200 14
(Paul: What is Ireland?)
(Jean: What is Scotland?)

Wales

PaulJean
Triple Stumper
    $200 15
a washer

Melody
    $300 4
shoo-fly

Melody
    $300 26
Slaughterhouse Five

Paul
    $300 20
[NOTE: Jean added a "The" to the song's title.]

"Times Of Your Life"

Jean
    $300 9
a divot

Paul
    $900 17
(Jean: What are Portuguese...)
(Alex: Right.)
(Jean: English...)
(Alex: Right.)
(Jean: And... French?)
(Alex: Right!)

Portuguese, English, French & Dutch

Jean
    $300 16
hinges

Jean
    $400 5
ERRATUM: Westphalia is not a town, but a region.]

Black Forest ham

Jean
    $400 27
Joseph Conrad

Paul
    $400 23
(Alex: Paul, would you [*] by making another selection?)

"Do That To Me One More Time"

Triple Stumper
    $400 10
a coven

Melody
    $400 21
the Kalahari

Paul
    $400 29
[Paul response is met with much groaning.]

"Socket to me!"

Paul
    $500 6
compote

Melody
    $500 28
John Brown's Body

Triple Stumper
    $500 24
"Time Passages"

Paul
    $500 11
mulch

Paul
    $500 22
(Alex: [*]. Used to be Ceylon.

Sri Lanka

Triple Stumper
    $500 30
(Paul: What is a bore?)

a boring bit

Paul
Triple Stumper

Scores at the first commercial break (after clue 14):

Paul Jean Melody
$800 $600 $1,400

Scores at the end of the Jeopardy! Round:

Paul Jean Melody
$2,800 $2,100 $1,600

Double Jeopardy! Round responses

NATURE
GRAMMAR
'70s THEATER
THE OLD WEST
SHAPING UP
"B.O."
(Alex: Do not read anything into that, please.)
    $200 1
(Alex: They're microscopic, but they're there.)

rings

Jean
    $200 17
whom

Melody
    $200 3
Annie

Paul
    $200 20
Bat Masterson

Melody
    $200 9
a sweat

Paul
    $200 12
a blackout

Jean
    $400 2
feathers

Paul
    $400 19
a predicate

Jean
    $400 4
Mickey Rooney

Paul
    $400 21
the Pony Express

Melody
    $400 18
10,000

Paul
    $400 13
[At some point between clues 12 and 13, Jean's score display jumps an extra 200 dollars, remaining that way until Final Jeopardy. No specific mention is made on air of the correction.]

Billy Ocean

Paul
    $1,000 6
thunder

Melody
    $600 25
Jules

Paul
    $600 5
(Alex: When the Rainbow Is Enuf , that is right.)

Suicide

Melody
    $600 26
Katie Elder

Paul
    $600 22
the burn

Melody
    $2,000 14
Black Orpheus

Paul
    $800 7
(Jean: What is an eclipse?)

Earthshine

Jean
Triple Stumper
    $800 10
A Funny Thing Happened on the Way to the Forum

Paul
    $800 27
Mike Fink

Jean
    $800 23
the abdominals

Paul
    $800 15
Bobby Orr

Paul
    $1000 8
the Greenhouse Effect

Melody
    $1000 11
Richard Rodgers

Triple Stumper
    $1000 28
the Homestead Act

Triple Stumper
    $1000 24
(Paul: What is anoxia?)
[Before Final Jeopardy, it is announced that Paul has been given credit for "anoxia".]

anaerobic

PaulMelody
    $1000 16
Bernardo O'Higgins

Triple Stumper

Scores at the end of the Double Jeopardy! Round:

Paul Jean Melody
$11,400 $2,900 $6,600

[wagering suggestions for these scores]

Final Jeopardy! Round responses

ROYALTY
JeanWhat is Prince Consort
$2,899
MelodyWhat is the Queen Consort?
$6,500
PaulWhat is His Majesty?
$3,000
Prince Consort

Final scores:

Paul Jean Melody
$8,400 $5,799 $100
4-day champion: $33,200 2nd place: Broyhill sofa and Alsy lamps 3rd place: OlympusOM-2S camera

Game dynamics:

Coryat scores:

Paul Jean Melody
$10,000 $2,300 $6,200
25 R
(including 1 DD),
3 W
11 R
(including 1 DD),
2 W
14 R
(including 1 DD),
0 W

Combined Coryat: $18,500

The J! Archive is created by fans, for fans. The Jeopardy! game show and all elements thereof, including but not limited to copyright and trademark thereto, are the property of Jeopardy Productions, Inc. and are protected under law. This website is not affiliated with, sponsored by, or operated by Jeopardy Productions, Inc. Join the discussion at JBoard.tv.